00000000nam##2200000za#4500
0019.609880
003CaOODSP
00520200401040653
007ta
008150406|1992||||xxc|||||     f|0| 0 eng|d
022 |a0706-6457
040 |aCaOODSP|beng
043 |an-cn---
0861 |aFs97-6/1827E
1101 |aCanada. |bDepartment of Fisheries and Oceans.
24510|aSubstrate stability and invertebrate distribution in two New Zealand streams: a survey employing easily measured hydrologic parameters / |cby J. F. Flannagan et al.
260 |aOttawa - Ontario : |bFisheries and Oceans Canada |c1992.
300 |a7p. : |breferences, tables ; |c28 cm.
4901 |aCanadian technical report of fisheries and aquatic sciences|x0706-6457|v1827
500 |aPrepared in the Central and Arctic Region, Department of Fisheries and Oceans, Winnipeg, Manitoba R3T 2N6.
546 |aRésumés en français
563 |aSoftcover
7201 |aFlannagan, J. F.
7760#|tSubstrate stability and invertebrate distribution in two New Zealand streams : |w(CaOODSP)9.573816
830#0|aCanadian technical report of fisheries and aquatic sciences,|x0706-6457|v1827|w(CaOODSP)9.514691